<?xml version="1.0" encoding="UTF-8"?>
<record
    xmlns:xsi="http://www.w3.org/2001/XMLSchema-instance"
    xsi:schemaLocation="http://www.loc.gov/MARC21/slim http://www.loc.gov/standards/marcxml/schema/MARC21slim.xsd"
    xmlns="http://www.loc.gov/MARC21/slim">

  <leader>02900nac a22003371u 4500</leader>
  <controlfield tag="003">EG-ScBUE</controlfield>
  <controlfield tag="005">20220608123312.0</controlfield>
  <controlfield tag="008">101101r20062003enka   f      000 0 eng d</controlfield>
  <datafield tag="020" ind1=" " ind2=" ">
    <subfield code="a">0521805791</subfield>
  </datafield>
  <datafield tag="020" ind1=" " ind2=" ">
    <subfield code="a">9780521805797</subfield>
  </datafield>
  <datafield tag="040" ind1=" " ind2=" ">
    <subfield code="a">EG-ScBUE</subfield>
    <subfield code="b">eng</subfield>
    <subfield code="e">rda</subfield>
    <subfield code="c">EG-ScBUE</subfield>
    <subfield code="d">EG-ScBUE</subfield>
  </datafield>
  <datafield tag="082" ind1="0" ind2="4">
    <subfield code="a">428.24</subfield>
    <subfield code="b">HAS</subfield>
    <subfield code="2">22</subfield>
  </datafield>
  <datafield tag="100" ind1="1" ind2=" ">
    <subfield code="a">Hashemi, Louise,          </subfield>
    <subfield code="e">author.</subfield>
    <subfield code="9">20855</subfield>
  </datafield>
  <datafield tag="245" ind1="1" ind2="0">
    <subfield code="a">Cambridge Objective PET,</subfield>
    <subfield code="p">Teacher's book /</subfield>
    <subfield code="c">Louise Hashemi, Barbara Thomas.</subfield>
  </datafield>
  <datafield tag="246" ind1="3" ind2="0">
    <subfield code="a">Teacher's book</subfield>
  </datafield>
  <datafield tag="250" ind1=" " ind2=" ">
    <subfield code="a">Sixth printing.</subfield>
  </datafield>
  <datafield tag="264" ind1=" " ind2="1">
    <subfield code="a">Cambridge :</subfield>
    <subfield code="b">Cambridge University Press,</subfield>
    <subfield code="c">2006.</subfield>
  </datafield>
  <datafield tag="300" ind1=" " ind2=" ">
    <subfield code="a">191 pages :</subfield>
    <subfield code="b">illustrations ;</subfield>
    <subfield code="c">28 cm.</subfield>
  </datafield>
  <datafield tag="336" ind1=" " ind2=" ">
    <subfield code="2">rdacontent</subfield>
    <subfield code="a">text</subfield>
    <subfield code="b">txt</subfield>
  </datafield>
  <datafield tag="337" ind1=" " ind2=" ">
    <subfield code="2">rdamedia</subfield>
    <subfield code="a">unmediated</subfield>
    <subfield code="b">n</subfield>
  </datafield>
  <datafield tag="338" ind1=" " ind2=" ">
    <subfield code="2">rdacarrier</subfield>
    <subfield code="a">volume</subfield>
    <subfield code="b">nc</subfield>
  </datafield>
  <datafield tag="490" ind1=" " ind2=" ">
    <subfield code="a">Cambridge books for Cambridge exams</subfield>
  </datafield>
  <datafield tag="505" ind1=" " ind2=" ">
    <subfield code="a">Contents: Unit 1. A question of sport; Exam folder 1. Unit 2. The Meeting place; Exam folder 2 and Writing folder. Unit 3. What's your job?; Exam folder 3. Unit 4. Let's go out; Exam folder 4 and Writing folder 4. Unit 5. Wheels and wings; Exam folder 5. Unit 6. What did you do at school today?; Exam folder 6 and Writing folder. Revision unit 1. Unit 7. Around town. Exam folder 7. Unit 8. Let's celebrate; Exam folder 8 and Writing folder. Unit 9. How do you feel?; Exam folder 9. Unit 10. I look forward to hearing from you ...; Exam folder 10 and Writing folder. Unit 11. Facts and figures; Exam folder 11. Unit 12. A good read; Exam folder 12 and Writing folder. Revision unit 2. Unit 13. A place of my own; Exam folder 13. Unit 14. What's in fashion?; Exam folder 14 and Writing folder. Unit 15. Risk!; Exam folder 15. Unit 16. Free time?; Exam folder 16 and Writing folder. Unit 17. In the future; Exam folder 17. Unit 18. Shooting a film; Exam folder 18 and Writing folder. Revision unit 3. Unit 19. Happy families?; Exam folder 19. Unit 20. So you want to be a pop star?; Exam folder 20 and Writing folder. Unit 21. Money matters; Exam folder 21. Unit 22. Strange but true?; Exam folder 22 and Writing folder. Unit 23. Best friends. Exam folder 23. Unit 24. I've got an idea; Exam folder 24 and Writing folder. Revision unit 4. Unit 25. Shop till you drop; Exam folder 25. Unit 26. The art of persuasion; Exam folder 26 and Writing folder. Unit 27. Traveller's tales; Exam folder 27. Unit 28. What would you do?; Exam folder 28 and Writing folder. Unit 29. What's on the menu?; Exam folder 29. Unit 30. Blue for a boy, pink for a girl; Exam folder 30 and Writing folder. Revision unit 5. List of irregular verbs. List of phonemic symbols.</subfield>
  </datafield>
  <datafield tag="650" ind1=" " ind2="7">
    <subfield code="a">English language</subfield>
    <subfield code="x">Study and teaching</subfield>
    <subfield code="v">Foreign speakers.</subfield>
    <subfield code="2">BUEsh</subfield>
    <subfield code="9">10860</subfield>
  </datafield>
  <datafield tag="650" ind1=" " ind2="7">
    <subfield code="a">English language</subfield>
    <subfield code="v">Problems, exercises, etc.</subfield>
    <subfield code="2">BUEsh</subfield>
    <subfield code="9">20856</subfield>
  </datafield>
  <datafield tag="651" ind1=" " ind2=" ">
    <subfield code="2">BUEsh</subfield>
  </datafield>
  <datafield tag="653" ind1=" " ind2=" ">
    <subfield code="b">HHUUEENN</subfield>
  </datafield>
  <datafield tag="655" ind1=" " ind2=" ">
    <subfield code="v">Reading book</subfield>
    <subfield code="9">34232</subfield>
  </datafield>
  <datafield tag="700" ind1="1" ind2=" ">
    <subfield code="a">Thomas, Barbara,</subfield>
    <subfield code="d">1953-</subfield>
    <subfield code="e">author.</subfield>
    <subfield code="9">20857</subfield>
  </datafield>
  <datafield tag="942" ind1=" " ind2=" ">
    <subfield code="c">BB</subfield>
    <subfield code="k">428.24 HAS</subfield>
    <subfield code="2">ddc</subfield>
  </datafield>
  <datafield tag="999" ind1=" " ind2=" ">
    <subfield code="c">5889</subfield>
    <subfield code="d">5889</subfield>
  </datafield>
  <datafield tag="952" ind1=" " ind2=" ">
    <subfield code="0">0</subfield>
    <subfield code="1">0</subfield>
    <subfield code="2">ddc</subfield>
    <subfield code="4">0</subfield>
    <subfield code="7">0</subfield>
    <subfield code="8">Baccah</subfield>
    <subfield code="a">MAIN</subfield>
    <subfield code="b">MAIN</subfield>
    <subfield code="c">2ND</subfield>
    <subfield code="d">2010-11-01</subfield>
    <subfield code="e">Purchase</subfield>
    <subfield code="l">2</subfield>
    <subfield code="m">1</subfield>
    <subfield code="o">428.24 HAS</subfield>
    <subfield code="p">000007141</subfield>
    <subfield code="r">2025-07-15 00:00:00</subfield>
    <subfield code="s">2008-10-07</subfield>
    <subfield code="w">2007-11-08</subfield>
    <subfield code="y">TR</subfield>
  </datafield>
</record>
